[Event "Moscow op-E"]
[Site "Moscow"]
[Date "2011.02.01"]
[Round "4.211"]
[White "Sokolov, Boris"]
[Black "De Luna Butz, Alberto"]
[Result "1-0"]
[WhiteElo "2040"]
[BlackElo "1814"]
[PlyCount "43"]
[EventDate "2011.01.29"]
[EventType "swiss"]
[EventRounds "9"]
[EventCountry "RUS"]
[SourceTitle "EXT 2022"]
[Source "ChessBase"]
[SourceDate "2021.10.06"]
[SourceVersion "1"]
[SourceVersionDate "2021.10.06"]
[SourceQuality "1"]

1. b4 e6 2. Bb2 f5 3. Nf3 Nf6 4. a3 Be7 5. e3 0-0 6. Be2 b6 7. 0-0 Bb7 8. c4 c5 9. Qb3 Na6 10. d4 d6 11. Nc3 Nc7 12. Rad1 Qe8 13. bxc5 dxc5 14. d5 Bd6 15. dxe6 Qxe6 16. Nd5 Ne4 17. Nf4 Qe7 18. Nh5 Ne6 19. Ng3 N6g5 20. Nxg5 Nxg3 21. hxg3 Bxg3 22. Bf3 1-0

[Event "Moscow op-E"]
[Site "Moscow"]
[Date "2011.01.31"]
[Round "3.114"]
[White "Rozanov, Pavel B"]
[Black "Sokolov, Boris"]
[Result "1-0"]
[WhiteElo "2259"]
[BlackElo "2040"]
[PlyCount "121"]
[EventDate "2011.01.29"]
[EventType "swiss"]
[EventRounds "9"]
[EventCountry "RUS"]
[SourceTitle "EXT 2022"]
[Source "ChessBase"]
[SourceDate "2021.10.06"]
[SourceVersion "1"]
[SourceVersionDate "2021.10.06"]
[SourceQuality "1"]

1. e4 Nf6 2. d3 e5 3. Nf3 Nc6 4. c3 d5 5. Nbd2 Bc5 6. Be2 Bg4 7. 0-0 Bxf3 8. Bxf3 dxe4 9. dxe4 0-0 10. b4 Bb6 11. Qc2 a6 12. a4 Re8 13. Nc4 Ba7 14. Ne3 Ne7 15. Be2 a5 16. b5 c6 17. Nc4 Ng6 18. Rd1 Qc7 19. Ba3 cxb5 20. axb5 Bc5 21. Bxc5 Qxc5 22. Nxa5 Qc7 23. Nc4 Rxa1 24. Rxa1 Nf4 25. Bf1 h5 26. g3 Ne6 27. Ne3 Rc8 28. Rc1 Qc5 29. h4 Ra8 30. Bc4 Nf4 31. Bf1 Ne6 32. Kg2 Nc7 33. Qb1 Qa3 34. Nc4 Qc5 35. Ne3 Ne6 36. Kg1 Ra4 37. Bd3 Qa3 38. Nc4 Qc5 39. Qb3 Ng4 40. Rf1 Ra8 41. Kg2 Rd8 42. Be2 Nf6 43. Qb1 Qc7 44. Re1 b6 45. Bf1 Nc5 46. Qc2 Ne6 47. Ne3 Qc5 48. Bc4 Nc7 49. Qe2 g6 50. f3 Kg7 51. Ra1 Nfe8 52. Nd5 Nd6 53. Ra4 Ndxb5 54. Bxb5 Nxb5 55. Rc4 Qd6 56. Qb2 Na3 57. Ra4 b5 58. Rxa3 Rc8 59. Rb3 Qa6 60. Rxb5 Qa4 61. Nb6 1-0